Cesta k socializmu
| New Title: | Budovateľ - Epítő |
|---|---|
| Format: | Journal |
| Language: | Slovak Hungarian |
| PhysicalDescription: | 10 zv. 30-43 cm |
| Published: |
Rimavská Sobota
JSSR v Rimavskej Sobote
1951-1960
Rimavská Sobota ONV |
| Subjects: |
MARC
| LEADER | 00000cas a2200000 a 4500 | ||
|---|---|---|---|
| 001 | vtls010301089 | ||
| 003 | SK-MaSNL | ||
| 005 | 20260228163153.0 | ||
| 008 | 150202d19511960xo wr|p 0 b0slo | ||
| 040 | |a SNK |b slo |c SNK |e AACR2 | ||
| 041 | 0 | |a slo |a hun | |
| 043 | |a e-xo--- | ||
| 044 | |a xo |c SK | ||
| 072 | 7 | |a 352/354 |x Stupne miestnej, oblastnej a ústrednej správy |2 konspekt | |
| 072 | 7 | |a 353.9 |2 2001 | |
| 080 | |a 050 |2 2001 | ||
| 245 | 0 | 0 | |a Cesta k socializmu |
| 246 | 1 | 1 | |a A szocializmus felé vezető út |
| 260 | |a Rimavská Sobota |b JSSR v Rimavskej Sobote |c 1951-1960 | ||
| 260 | 3 | |3 3/1952-8/1960 |a Rimavská Sobota |b ONV | |
| 300 | |a 10 zv. |c 30-43 cm | ||
| 310 | |a 1x týždenne |b 1/1953-1960 | ||
| 321 | |a Periodicita sa nedá určiť |b 3/1951-1952 | ||
| 362 | 0 | |a Roč. 1, č. 1 (15.7.1951)-roč. X, č. 8 (1960) | |
| 500 | |a Podnázov sa mení | ||
| 500 | |a Redaktori sa menia | ||
| 500 | |a Tlač. Stredotlač. n. p., prev. v Rimavskej Sobote, od 1/(10. jan. 1953) Pohronské tlačiarne, n. p. v Rimavskej Sobote, od 33/(7. nov. 1953) Pohronské tlačiarne, n. p., prev. v Lučenci, od 28/(12. júla 1958) Tlačiarne SNP, n. p., prev. v Lučenci | ||
| 500 | |a Od apríla 1960 vychádza pod názvom Budovateľ - Építő | ||
| 546 | |a Čiast. text aj maď. | ||
| 610 | 1 | 7 | |a Rimavská Sobota (Slovensko). |b Mesto |2 SNKPH |9 33589 |
| 650 | 0 | 7 | |a územná samospráva |2 SNKPH |9 802 |
| 655 | 7 | |a regionálne časopisy |2 SNKPH |9 265646 | |
| 785 | 0 | 0 | |t Budovateľ - Epítő |w vtls010299661 |
| 910 | |a snk | ||
| 916 | |a 1951-1960 | ||
| 999 | |c 8972 |d 10902 | ||
| 952 | |0 0 |1 0 |4 0 |7 0 |a SNK |b SNK |d 2015-01-28 |i snkD 225/83 |l 0 |o snkČSB 731/1/1951 D1 |p 17A0736312 |r 2026-02-21 20:13:34 |t č. 1-10, neúpl. |w 2026-02-21 |y PREZ |z chýba č. 1-5 | ||
| 952 | |0 0 |1 0 |4 0 |7 0 |a SNK |b SNK |d 2015-01-29 |f 1 |i snk843/53 |l 0 |o snkČSB 731/2/1952 |p 17A0736315 |r 2026-02-21 20:52:28 |t č. 1-21 |w 2026-02-21 |y PREZ | ||
| 952 | |0 0 |1 0 |4 0 |7 0 |a SNK |b SNK |d 2015-01-29 |f 1 |i snkČSF 599/56 |l 0 |o snkČSB 731/3/1953 |p 17A0736311 |r 2026-02-21 20:52:28 |t č. 1-39, neúpl. |w 2026-02-21 |y PREZ |z chýba č. 3, 8,10,34,38 | ||
| 952 | |0 0 |1 0 |4 0 |7 0 |8 5 |a SNK |b SNK |d 2015-01-29 |f 1 |i snkXI. 3255/55 |l 0 |o snkČSB 731/1/1951 |p 17A1047153 |r 2026-02-21 20:52:28 |t č. 1-10, neúpl. |w 2026-02-21 |y PREZ |z chýba č. 2 | ||
| 952 | |0 0 |1 0 |4 0 |7 0 |a SNK |b SNK |d 2015-01-29 |f 1 |i snkII. 108/55 |l 0 |o snkČSB 731/4/1954 |p 17A0736310 |r 2026-02-21 20:52:28 |t č. 1-45 |w 2026-02-21 |y PREZ | ||
| 952 | |0 0 |1 0 |4 0 |7 0 |a SNK |b SNK |d 2015-01-29 |f 1 |i snkČSP 163/56 |l 0 |o snkČSB 731/5/1955 |p 17A0736309 |r 2026-02-21 20:52:28 |t č. 1-45 |w 2026-02-21 |y PREZ | ||
| 952 | |0 0 |1 0 |4 0 |7 0 |a SNK |b SNK |d 2015-01-29 |f 1 |i snkČSP 175/57 |l 0 |o snkČSB 731/6/1956 |p 17A0736308 |r 2026-02-21 20:52:28 |t č. 1-50 |w 2026-02-21 |y PREZ | ||
| 952 | |0 0 |1 0 |4 0 |7 0 |a SNK |b SNK |d 2015-01-29 |f 1 |i snkČSP 58/58 |l 0 |o snkČSB 731/7/1957 |p 17A0736341 |r 2026-02-21 20:52:28 |t č. 1-52 |w 2026-02-21 |y PREZ | ||
| 952 | |0 0 |1 0 |4 0 |7 0 |a SNK |b SNK |d 2015-01-29 |f 1 |i snkČSP 64/59 |l 0 |o snkČSB 731/8/1958 |p 17A0736307 |r 2026-02-21 20:52:28 |t č. 1-52 |w 2026-02-21 |y PREZ | ||
| 952 | |0 0 |1 0 |4 0 |7 0 |a SNK |b SNK |d 2015-01-29 |f 1 |l 0 |o snkČSB 731/9/1959 |p 17A0736305 |r 2026-02-21 20:52:28 |t č. 1-47 |w 2026-02-21 |y PREZ |z prír. č. orezané | ||
| 952 | |0 0 |1 0 |4 0 |7 0 |a SNK |b SNK |d 2015-01-29 |f 1 |i snkČSP 1456/61 |l 0 |o snkČSB 731/10/1960 |p 17A0736304 |r 2026-02-21 20:52:28 |t č. 1-8 |w 2026-02-21 |y PREZ | ||


